Сочинения Державина. Ч. 2 (Запись № 5101654)

Подробности
000 -МАРКЕР
контрольное поле 02461nam2a22003971 4500
001 - ИДЕНТИФИКАТОР ЗАПИСИ
контрольное поле v19\rc\2099942
005 - ИДЕНТИФИКАТОР ВЕРСИИ
контрольное поле 20250620043935.0
035 ## - ДРУГИЕ СИСТЕМНЫЕ НОМЕРА
Идентификатор записи (NLR Aleph) 005176043
100 ## - ДАННЫЕ ОБЩЕЙ ОБРАБОТКИ
Данные общей обработки 20090914d1808 |||y0rusy50 ca
101 0# - ЯЗЫК РЕСУРСА
Язык текста, звукозаписи и т.д. русский
102 ## - СТРАНА ПУБЛИКАЦИИ ИЛИ ПРОИЗВОДСТВА
Страна публикации российская федерация
135 ## - ПОЛЕ КОДИРОВАННЫХ ДАННЫХ: ЭЛЕКТРОННЫЕ РЕСУРСЫ
Кодированные данные для электронного ресурса crcn 024anaba
140 ## - ПОЛЕ КОДИРОВАННЫХ ДАННЫХ: СТАРОПЕЧАТНЫЕ ИЗДАНИЯ - ОБЩАЯ ИНФОРМАЦИЯ
Кодированные данные о старопечатном издании - Основные f y e aayaa0000
200 0# - ЗАГЛАВИЕ И СВЕДЕНИЯ ОБ ОТВЕТСТВЕННОСТИ
Основное заглавие Ч. 2
215 ## - ФИЗИЧЕСКАЯ ХАРАКТЕРИСТИКА
Специфическое обозначение материала и объем [12], 317, [3] с.
316 ## - ПРИМЕЧАНИЯ ОБ ОСОБЕННОСТЯХ ЭКЗЕМПЛЯРА
Текст примечания Экз. РНБ (18.314.7.7(ч.2)) в коричневом мармор. цельнокожаном картон. пер. На нижней крышке пер. экслибрис рус. фонда РНБ с шифром. Корешок гладкий, с тиснением золотом. Позолота почти полностью утрачена. На корешке коричневая кожаная наклейка, на которой вытиснено: "Сочинения Державина 2". На форзаце ярлык с шифром РНБ. Размер: 20,5х13,5х3,2 см.
Организация и экземпляр, к которому относится поле NLR: 18.314.7.7(ч.2)
317 ## - ПРИМЕЧАНИЯ О ПРОИСХОЖДЕНИИ ЭКЗЕМПЛЯРА
Текст примечания В экз. РНБ (18.314.7.7(ч.2)) на тит. л. владельч. запись: "Из книг Владимира Обручева".
Организация и экземпляр, к которому относится поле NLR: 18.314.7.7(ч.2)
325 ## - ПРИМЕЧАНИЕ О КОПИИ
Текст примечания Копия доступна в Электрон. б-ке РНБ
461 #0 - УРОВЕНЬ НАБОРА
Встроенное поле 001v19\rc\2099940
-- 2001#$aСочинения Державина$vЧ. 2
Системный номер (АБИС) связанной записи 5101641
Автор Державин, Г. Р. (1743-1816)
Место публикации В Санктпетербурге
Дата публикации 1808
Имя издателя, распространителя и т.д. в типографии Шнора
Физическая характеристика 4 т.
Заглавие Сочинения Державина
Номер тома Ч. 2
702 #1 - ИМЯ ЛИЦА - ВТОРИЧНАЯ ОТВЕТСТВЕННОСТЬ
Начальный элемент ввода Обручевых
Часть имени, кроме начального элемента ввода В.
Расширение инициалов личного имени Владимир
Организация и экземпляр, к которому относится поле NLR: 18.314.7.7 (ч.2)
801 #0 - ИСТОЧНИК ЗАПИСИ
Страна российская федерация
Организация NLR
Правила каталогизации psbo
801 #1 - ИСТОЧНИК ЗАПИСИ
Страна российская федерация
Организация ProSoft-M
Источник данных rusmarc
801 #2 - ИСТОЧНИК ЗАПИСИ
Страна российская федерация
Организация NLR
Дата составления 20141204
Источник данных rusmarc
852 ## - МЕСТОНАХОЖДЕНИЕ И ШИФР ХРАНЕНИЯ
Идентификатор организации NLR
Шифр хранения (Call Number) 18.314.7.7(ч.2)
852 ## - МЕСТОНАХОЖДЕНИЕ И ШИФР ХРАНЕНИЯ
Идентификатор организации NLR
Шифр хранения (Call Number) 105/186(ч.2)
852 ## - МЕСТОНАХОЖДЕНИЕ И ШИФР ХРАНЕНИЯ
Идентификатор организации NLR
Наименование фонда или коллекции (Sub-Location Identifier) РЗФ
Шифр хранения (Call Number) 18 в. 3/148 (ч.2)
852 ## - МЕСТОНАХОЖДЕНИЕ И ШИФР ХРАНЕНИЯ
Идентификатор организации NLR
Наименование фонда или коллекции (Sub-Location Identifier) РЗФ
Шифр хранения (Call Number) 18 в. 3/148 (ч.2)а
942 ## - ДОПОЛНИТЕЛЬНЫЕ ЭЛЕМЕНТЫ ЗАПИСИ (АБИС)
Тип экземпляра АБИС Книга
980 ## - КОЛЛЕКЦИЯ
Название коллекции Национальная библиография
981 33 - КОЛЛЕКЦИЯ ЭЛЕКТРОННОЙ БИБЛИОТЕКИ
Название коллекции Художественная литература
Название подколлекции 1. Отечественная литература
981 20 - КОЛЛЕКЦИЯ ЭЛЕКТРОННОЙ БИБЛИОТЕКИ
Название коллекции Книжные памятники РНБ
Название подколлекции Русский книжный фонд
Экземпляры
Тип экземпляра Дата поступления Библиотека постоянного хранения Библиотека текущего хранения Место хранения Шифр хранения Штрих-код Статус не для выдачи
Книга 06.12.2024 РНБ (Московский) РНБ (Московский) Резервный фонд РЗФ 18 в. 3/148 (ч.2) 5176043-30  
Книга 06.12.2024 РНБ (Московский) РНБ (Московский) Резервный фонд РЗФ 18 в. 3/148 (ч.2)а 5176043-40  
Книга 26.10.2013 РНБ (Садовая) РНБ (Садовая) Русский книжный фонд -Главное здание, Ленинский читальный зал 18.314.7.7(ч.2) 5176043-10  
Книга 26.10.2013 РНБ (Садовая) РНБ (Садовая) Русский книжный фонд -Главное здание, Ленинский читальный зал 105/186(ч.2) 5176043-20